[Event "ICS rated blitz match"]
[Site "204.178.125.65"]
[Date "2000.11.13"]
[Round "?"]
[White "Hossa"]
[Black "salzi"]
[Result "1-0"]
[WhiteElo "2551"]
[BlackElo "2120"]
[PlyCount "65"]
[EventDate "2000.??.??"]

1. e3 d5 2. c4 Nf6 3. cxd5 Nxd5 4. d4 e6 5. Nf3 Bd6 6. e4 Nf4 7. Nc3 Ng6 8. Bc4
O-O 9. O-O Bf4 10. Bxf4 Nxf4 11. Qd2 Ng6 12. Rad1 Nd7 13. Rc1 Nb6 14. Bd3 c6
15. b3 Qe7 16. Qg5 Qxg5 17. Nxg5 e5 18. dxe5 Nxe5 19. Be2 h6 20. f4 hxg5 21.
fxe5 Be6 22. Rf3 f6 23. exf6 gxf6 24. Rcf1 Kg7 25. Rg3 Kh6 26. Bg4 Bxg4 27.
Rxg4 Rad8 28. Rg3 Rd2 29. e5 f5 30. Ne4 Rxa2 31. e6 Nd5 32. Nxg5 Ne3 33. Nf7+ {
salzi resigns} 1-0

[Event "ICS rated blitz match"]
[Site "204.178.125.65"]
[Date "2000.11.13"]
[Round "?"]
[White "AdvancedChess"]
[Black "Hossa"]
[Result "1-0"]
[WhiteElo "2722"]
[BlackElo "2553"]
[PlyCount "187"]
[EventDate "2000.??.??"]

1. e4 e5 2. Nf3 Nc6 3. Bb5 a6 4. Ba4 Nf6 5. O-O Be7 6. Re1 b5 7. Bb3 d6 8. c3
O-O 9. a4 Bg4 10. d3 Qd7 11. Nbd2 Nh5 12. h3 Be6 13. d4 exd4 14. cxd4 Bxb3 15.
Nxb3 bxa4 16. Rxa4 Nf6 17. d5 Ne5 18. Ra1 c6 19. Bf4 cxd5 20. Bxe5 dxe5 21.
Nxe5 Qb7 22. Na5 Qc7 23. exd5 Bb4 24. d6 Bxd6 25. Rc1 Qxa5 26. Qxd6 Qb5 27. b4
Rad8 28. Qc5 Rd5 29. Qxb5 Rxb5 30. Nc6 g6 31. Kh2 Nd5 32. Re5 Kg7 33. Rce1 f6
34. R5e4 Rb6 35. Rc4 Rc8 36. Re6 Rb7 37. Rd4 Rb6 38. Rxd5 Rcxc6 39. Re7+ Kh6
40. Rd4 Rc2 41. f4 g5 42. f5 Rc8 43. Rdd7 Rh8 44. Rf7 Rc6 45. Rde7 g4 46. hxg4
Kg5 47. Re4 Rd6 48. Kh3 Rd3+ 49. g3 Rd1 50. Rg7+ Kh6 51. Rb7 Kg5 52. Rc7 Rh1+
53. Kg2 Ra1 54. Rd4 Ra4 55. Kh3 Ra1 56. Rg7+ Kh6 57. Ra7 Rh1+ 58. Kg2 Ra1 59.
Rd6 Rb1 60. Rxf6+ Kg5 61. Rxh7 Rb2+ 62. Kf1 Rb1+ 63. Kf2 Rb2+ 64. Ke3 Re8+ 65.
Re6 Rb3+ 66. Kd4 Rxb4+ 67. Kc5 Rb5+ 68. Kc6 Rc8+ 69. Kd7 Rg8 70. Rh4 Rg7+ 71.
Kd6 Rb3 72. Re4 Rxg3 73. Rh5+ Kf6 74. Re6+ Kf7 75. Re7+ Kg8 76. f6 Rd3+ 77. Ke6
Re3+ 78. Kd7 Rf7 79. Rh8+ Kxh8 80. Rxf7 Kg8 81. Rg7+ Kf8 82. g5 Rf3 83. Ke6 Rb3
84. Ra7 Rb6+ 85. Kf5 Ke8 86. Kg6 Kd8 87. Kg7 Kc8 88. f7 Kb8 89. Rd7 Kc8 90. Re7
Rd6 91. f8=Q+ Rd8 92. Qf5+ Kb8 93. Qb1+ Kc8 94. Qb7# {Hossa checkmated} 1-0

[Event "ICS rated bullet match"]
[Site "204.178.125.65"]
[Date "2000.11.13"]
[Round "?"]
[White "PowerChess"]
[Black "Hossa"]
[Result "1-0"]
[WhiteElo "2684"]
[BlackElo "2436"]
[PlyCount "123"]
[EventDate "2000.??.??"]

1. d4 Nf6 2. Bg5 e6 3. e4 h6 4. Bxf6 Qxf6 5. Nf3 Nc6 6. Nc3 Bb4 7. e5 Qf4 8.
Qd3 d5 9. a3 Ba5 10. Qe3 Qxe3+ 11. fxe3 Bxc3+ 12. bxc3 Bd7 13. Bd3 a6 14. O-O
b5 15. Nd2 Na5 16. Nb3 Nb7 17. e4 c5 18. exd5 exd5 19. dxc5 Ke7 20. Rf3 Rhc8
21. Raf1 Be6 22. Nd4 Nxc5 23. Nxe6 Nxd3 24. Nxg7 Nxe5 25. Nf5+ Kd7 26. Rh3 h5
27. Nd4 Rh8 28. Re3 Rhe8 29. Rf5 Kd6 30. Rf6+ Kd7 31. Rh3 Ke7 32. Rf5 f6 33.
Rfxh5 Rg8 34. Rh7+ Kd6 35. Nf5+ Ke6 36. Ng7+ Kd6 37. R3h6 Rgf8 38. Nf5+ Ke6 39.
Nd4+ Kd6 40. Rb7 Nd7 41. Rh7 Rfd8 42. Rf7 a5 43. Rxb5 Rdc8 44. Rb7 Rd8 45. a4
f5 46. Rh7 Rac8 47. Rh6+ Ke5 48. Rc6 Rb8 49. g3 Re8 50. Rxd7 Ke4 51. Rf6 Rb2
52. Rxf5 Rb1+ 53. Kf2 Rd1 54. Rf4+ Ke5 55. Ke3 Re1+ 56. Kd2 Rb1 57. Rf5+ Ke4
58. Rg7 Rd1+ 59. Kxd1 Ke3 60. Rf4 Re5 61. Rf3+ Ke4 62. Rg4# {Hossa checkmated}
1-0

[Event "ICS rated blitz match"]
[Site "204.178.125.65"]
[Date "2000.11.13"]
[Round "?"]
[White "Hossa"]
[Black "Tat"]
[Result "1-0"]
[WhiteElo "2544"]
[BlackElo "2318"]
[PlyCount "131"]
[EventDate "2000.??.??"]

1. e3 g6 2. Nc3 Bg7 3. e4 d6 4. Nf3 a6 5. Bc4 e6 6. O-O Ne7 7. d4 Nd7 8. Be3 h6
9. a4 b6 10. Qe2 Bb7 11. Rfe1 O-O 12. Qd2 Kh7 13. Bf4 g5 14. Be3 Ng6 15. Rf1
Qe7 16. a5 b5 17. Bd3 c5 18. dxc5 Nxc5 19. Bd4 Rad8 20. Bxg7 Kxg7 21. Nd4 Qf6
22. Qe3 Qf4 23. Qe1 Ne5 24. Rd1 Qf6 25. Qe3 Ng4 26. Qg3 Qf4 27. Qxf4 gxf4 28.
Be2 Ne5 29. f3 Kf6 30. Rfe1 Rc8 31. Bf1 Rg8 32. Rd2 b4 33. Na2 b3 34. Nc3 bxc2
35. Rxc2 Na4 36. Nxa4 Rxc2 37. Nxc2 Nxf3+ 38. Kf2 Nxe1 39. Nxe1 Rc8 40. Nb6 Rc1
41. Bd3 Ra1 42. Nc4 d5 43. Nd6 dxe4 44. Nxb7 exd3 45. Nxd3 e5 46. b3 Kf5 47.
Nd6+ Ke6 48. Nc4 f6 49. Nc5+ Kd5 50. Nxa6 e4 51. Nc7+ Kc6 52. Ne8 Ra2+ 53. Ke1
Rxg2 54. Nxf6 f3 55. Kf1 Re2 56. a6 Ra2 57. Nxe4 Rxa6 58. Kf2 Ra2+ 59. Ned2 Kd5
60. Kxf3 Ra1 61. Ne3+ Kc5 62. b4+ Kb5 63. Nd5 Rd1 64. Nc3+ Kxb4 65. Nxd1 Kc5
66. Ne3 {Tat resigns} 1-0

[Event "ICS Rated blitz match"]
[Site "204.178.125.65"]
[Date "2000.11.13"]
[Round "?"]
[White "upalm"]
[Black "Hossa"]
[Result "1-0"]
[WhiteElo "2070"]
[BlackElo "2551"]
[PlyCount "69"]
[EventDate "2000.??.??"]

1. d4 Nf6 2. c4 e6 3. Nc3 Bb4 4. e3 d5 5. Bd3 c5 6. cxd5 Nxd5 7. Bd2 cxd4 8.
exd4 Nc6 9. Nf3 Nf6 10. Be3 O-O 11. O-O b6 12. a3 Bd6 13. Bc2 Ba6 14. Re1 Qd7
15. b4 Ne7 16. Ne5 Qc7 17. Qd2 Rac8 18. Rac1 Bxe5 19. dxe5 Rfd8 20. Bd4 Nc6 21.
exf6 Nxd4 22. Qg5 Kf8 23. Qxg7+ Ke8 24. Ba4+ b5 25. Qg8+ Kd7 26. Qxf7+ Kd6 27.
Ne4+ Ke5 28. Rxc7 bxa4 29. Qh5+ Nf5 30. f4+ Kxf4 31. Qg5+ Ke5 32. Nc3+ Be2 33.
Rxe2+ Kd6 34. Qf4+ e5 35. Qxe5# {Hossa checkmated} 1-0

[Event "ICS rated bullet match"]
[Site "204.178.125.65"]
[Date "2000.11.13"]
[Round "?"]
[White "Hossa"]
[Black "APetelin"]
[Result "1-0"]
[WhiteElo "2430"]
[BlackElo "2171"]
[PlyCount "173"]
[EventDate "2000.??.??"]

1. e3 e5 2. d4 exd4 3. exd4 Nf6 4. Nf3 Be7 5. Bd3 O-O 6. O-O d6 7. Nc3 Bg4 8.
h3 Bh5 9. Re1 Nc6 10. Be3 Re8 11. a3 a6 12. d5 Ne5 13. Be2 Bxf3 14. Bxf3 Nxf3+
15. Qxf3 Nd7 16. Ne4 Ne5 17. Qf4 h6 18. Bd4 Bg5 19. Nxg5 Qxg5 20. Qxg5 hxg5 21.
b3 f6 22. Re3 Ng6 23. Rae1 Kf7 24. Rxe8 Rxe8 25. Rxe8 Kxe8 26. g3 Ne7 27. c4
Kd7 28. a4 a5 29. Kg2 b6 30. Kf3 Ng6 31. Ke4 Ke7 32. Bc3 Kf7 33. Bb2 Ne7 34.
Bd4 Ng6 35. f3 Ne7 36. Be3 Ng6 37. Bd2 Ne7 38. Bc3 Ng6 39. Ke3 Ne7 40. Be1 Nf5+
41. Ke4 Ne7 42. Kd3 Ng6 43. Ke2 Ne5 44. Bc3 Ng6 45. Bd4 Ne7 46. Kd3 Nf5 47. Bf2
Ne7 48. Ke3 Ng6 49. Ke4 Ne7 50. Bg1 Ng6 51. Kd3 Ne7 52. Ke2 Ng6 53. Be3 Ne7 54.
Ke1 Ng6 55. Bd4 Ne7 56. Bf2 Ng6 57. Bg1 Ne7 58. Kd2 Ng6 59. Bd4 Ne7 60. Bf2 Ng6
61. Be3 Ne7 62. Kc2 Ng6 63. Kd3 Ne7 64. Bd2 Ng6 65. Kd4 Ne7 66. Be1 Ng6 67. Ke3
Ne7 68. Ke2 Ng6 69. Bd2 Ne7 70. Kf2 Ng6 71. Bc3 Ne7 72. Bd4 Ng6 73. Kf1 Ne7 74.
Bf2 Ng6 75. Ke2 Ne7 76. Kd1 Ng6 77. Bd4 Ne7 78. Kc2 Ng6 79. Kc3 Ne7 80. Bf2 Ng6
81. Kd4 Ne7 82. g4 Ng6 83. Be3 Nf4 84. Bxf4 gxf4 85. Ke4 g5 86. Kf5 Ke7 87. Kg6
{APetelin resigns} 1-0

[Event "ICS rated bullet match"]
[Site "204.178.125.65"]
[Date "2000.11.13"]
[Round "?"]
[White "APetelin"]
[Black "Hossa"]
[Result "0-1"]
[WhiteElo "2165"]
[BlackElo "2436"]
[PlyCount "54"]
[EventDate "2000.??.??"]

1. e4 c5 2. Nf3 e6 3. Nc3 Nc6 4. d4 cxd4 5. Nxd4 Qc7 6. Ndb5 Qb8 7. Be3 Nf6 8.
Bd3 Be7 9. O-O O-O 10. f4 a6 11. Nd4 Bc5 12. Nce2 Ng4 13. Qd2 d6 14. c3 Nxe3
15. Qxe3 e5 16. Kh1 exd4 17. cxd4 Nxd4 18. Nxd4 Qa7 19. e5 Bxd4 20. Qe4 g6 21.
f5 Bxe5 22. fxg6 hxg6 23. Bc4 Bf5 24. Rxf5 gxf5 25. Qxf5 Qd4 26. Bd3 Qh4 27.
Rc1 Qxh2# {APetelin checkmated} 0-1

[Event "ICS rated bullet match"]
[Site "204.178.125.65"]
[Date "2000.11.13"]
[Round "?"]
[White "APetelin"]
[Black "Hossa"]
[Result "1-0"]
[WhiteElo "2154"]
[BlackElo "2447"]
[PlyCount "79"]
[EventDate "2000.??.??"]

1. e4 c5 2. Nc3 Nc6 3. Nge2 d6 4. d4 Nf6 5. dxc5 dxc5 6. Qxd8+ Nxd8 7. e5 Ng4
8. f4 Bf5 9. h3 Nh6 10. Be3 Bxc2 11. Bxc5 Ne6 12. Bf2 f6 13. g4 fxe5 14. f5 Ng5
15. Bg2 e4 16. Rc1 Bd3 17. Nf4 Rd8 18. Bxa7 Rd7 19. Kf2 Bc4 20. Nxe4 Nxe4+ 21.
Bxe4 Bxa2 22. Rc8+ Rd8 23. Rhc1 Rxc8 24. Rxc8+ Kd7 25. Rb8 Kd6 26. b4 Bc4 27.
Ke3 b5 28. Bc5+ Kd7 29. Rb7+ Kc8 30. Ne6 Bxe6 31. fxe6 Ng8 32. Bb6 Nf6 33. Rc7+
Kb8 34. Bc6 Nxg4+ 35. hxg4 g6 36. Rd7 Bh6+ 37. Ke4 Be3 38. Kxe3 Kc8 39. Ra7 Rf8
40. Ra8# {Hossa checkmated} 1-0

[Event "ICS rated blitz match"]
[Site "204.178.125.65"]
[Date "2000.11.13"]
[Round "?"]
[White "grickalica"]
[Black "Hossa"]
[Result "0-1"]
[WhiteElo "2449"]
[BlackElo "2521"]
[PlyCount "112"]
[EventDate "2000.??.??"]

1. e4 e6 2. d4 d5 3. Nc3 Bb4 4. e5 Ne7 5. f4 Nd7 6. Nf3 c5 7. Bd2 cxd4 8. Nb5
Bc5 9. b4 Bb6 10. Nd6+ Kf8 11. Ng5 Ng6 12. Ngxf7 Qh4+ 13. g3 Qe7 14. Nxh8 Nxh8
15. Bd3 g6 16. h4 Qg7 17. Qg4 Nxe5 18. Qe2 Nxd3+ 19. cxd3 Nf7 20. Nxc8 Rxc8 21.
Rc1 Re8 22. O-O Kg8 23. Qf3 Nd6 24. a4 Nf5 25. a5 Bc7 26. b5 Nd6 27. a6 Bd8 28.
axb7 Qxb7 29. h5 Qxb5 30. hxg6 hxg6 31. Rfe1 Qb2 32. Qe2 a5 33. Rb1 Qc2 34.
Rec1 Qa2 35. Rb8 Kf7 36. Rd1 Rf8 37. Qe5 Qc2 38. Qe2 Qc7 39. Rdb1 Rh8 40. Kg2
a4 41. Ra8 Qd7 42. Ra1 Nb5 43. Qg4 Qc6 44. R8xa4 Qc2 45. R4a2 Qxd3 46. Qf3 Rh2+
47. Kxh2 Qxf3 48. Rb2 Nc3 49. Ra7+ Be7 50. Be1 Qf1 51. Ra1 Ne2 52. Rxe2 Qxe2+
53. Kh3 d3 54. Bc3 d2 55. Bxd2 Qxd2 56. Rg1 Qe2 {grickalica resigns} 0-1

[Event "ICS rated blitz match"]
[Site "204.178.125.65"]
[Date "2000.11.13"]
[Round "?"]
[White "Hossa"]
[Black "grickalica"]
[Result "1-0"]
[WhiteElo "2534"]
[BlackElo "2436"]
[PlyCount "65"]
[EventDate "2000.??.??"]

1. e3 e6 2. Nc3 Nf6 3. Nf3 d5 4. Be2 c5 5. O-O Bd6 6. d3 O-O 7. Nb5 Be7 8. Ne5
a6 9. Nc3 Bd6 10. f4 Nbd7 11. d4 cxd4 12. exd4 Qe7 13. Bd3 b5 14. Be3 b4 15.
Nb1 Ne4 16. Nc6 Qh4 17. Nd2 Ndf6 18. Ne5 Bxe5 19. fxe5 Ng4 20. Bf4 Ngf2 21. Qe1
Qxf4 22. Bxe4 dxe4 23. Rxf2 Qh6 24. Qxe4 Rb8 25. Qg4 Bb7 26. Raf1 Qg6 27. Qxg6
hxg6 28. Nc4 Bd5 29. Nd6 a5 30. Rxf7 Rxf7 31. Rxf7 Bxa2 32. Ra7 b3 33. c4 {
grickalica resigns} 1-0

[Event "ICS rated blitz match"]
[Site "204.178.125.65"]
[Date "2000.11.13"]
[Round "?"]
[White "Hossa"]
[Black "mid"]
[Result "1-0"]
[WhiteElo "2546"]
[BlackElo "2398"]
[PlyCount "135"]
[EventDate "2000.??.??"]

1. e3 d5 2. c4 c6 3. Nf3 Nf6 4. Nc3 e6 5. d4 Be7 6. Bd3 O-O 7. c5 b6 8. cxb6
axb6 9. Bd2 Ba6 10. Bxa6 Rxa6 11. Qc2 c5 12. O-O Nbd7 13. Ng5 h6 14. Nf3 Qa8
15. dxc5 bxc5 16. b3 Rc8 17. Ne2 Ne4 18. Bc3 Nxc3 19. Nxc3 Bf6 20. a4 c4 21.
Nd4 cxb3 22. Qxb3 e5 23. Nf5 g6 24. Nxh6+ Kg7 25. Ng4 Nc5 26. Qxd5 Nxa4 27.
Qxa8 Rcxa8 28. Nd5 Bd8 29. Nxe5 Bf6 30. Nxf6 Kxf6 31. Nd7+ Ke7 32. Rxa4 Rxa4
33. Nb6 R4a5 34. Nxa8 Rxa8 35. g3 Kf6 36. Rc1 Ra2 37. Kg2 Rb2 38. Kf3 Ra2 39.
g4 Ra4 40. h4 Ra2 41. Rc6+ Kg7 42. Rd6 Ra5 43. Kf4 Ra2 44. f3 Rh2 45. Kg3 Rh1
46. e4 Kg8 47. e5 Kg7 48. Rd7 Kf8 49. Rb7 Kg8 50. Rc7 Kf8 51. Ra7 Kg8 52. Ra8+
Kg7 53. Rd8 Kh7 54. Rb8 Kg7 55. Rc8 Kh7 56. Rd8 Kg7 57. Rd4 Kf8 58. Rc4 Ke7 59.
f4 Rg1+ 60. Kf3 Rh1 61. f5 Rxh4 62. fxg6 fxg6 63. Kf4 Ke6 64. Rc6+ Ke7 65. Rxg6
Rh1 66. Ra6 Rf1+ 67. Kg5 Kf8 68. Rf6+ {mid resigns} 1-0

[Event "ICS rated blitz match"]
[Site "204.178.125.65"]
[Date "2000.11.13"]
[Round "?"]
[White "mid"]
[Black "Hossa"]
[Result "0-1"]
[WhiteElo "2388"]
[BlackElo "2556"]
[PlyCount "122"]
[EventDate "2000.??.??"]

1. d4 d5 2. c4 Nc6 3. cxd5 Qxd5 4. Nf3 e5 5. dxe5 Qxd1+ 6. Kxd1 Bf5 7. Bd2
O-O-O 8. Nc3 Bc5 9. e4 Bg4 10. Ke1 Bxf3 11. gxf3 Nxe5 12. Be2 Bxf2+ 13. Kxf2
Rxd2 14. Rab1 Nf6 15. Rhd1 Rxd1 16. Rxd1 Rd8 17. Rg1 g6 18. f4 Nc6 19. Ke3 Nd4
20. Rg2 Nxe2 21. Kxe2 c6 22. e5 Nd5 23. Nxd5 cxd5 24. Kd3 Kd7 25. Kd4 Ke6 26.
Rc2 Rd7 27. Rc8 Kf5 28. Rf8 h5 29. b3 a6 30. a4 Kg4 31. b4 Kf3 32. b5 axb5 33.
axb5 Kg2 34. h4 Kg3 35. b6 Re7 36. Kxd5 Rd7+ 37. Ke4 Kxh4 38. Rc8 Rd1 39. Rc7
Kg3 40. Rxf7 h4 41. Rg7 Re1+ 42. Kd5 h3 43. Rxg6+ Kxf4 44. e6 h2 45. Rh6 Rd1+
46. Kc5 h1=Q 47. Rxh1 Rxh1 48. e7 Re1 49. Kd6 Kf5 50. Kd7 Kf6 51. e8=B Rxe8 52.
Kxe8 Ke6 53. Kd8 Kd6 54. Ke8 Kc6 55. Ke7 Kxb6 56. Kd6 Ka5 57. Kc5 b5 58. Kd4
Kb4 59. Kd3 Kb3 60. Kd2 b4 61. Kc1 Ka2 {mid resigns} 0-1

[Event "ICS rated bullet match"]
[Site "204.178.125.65"]
[Date "2000.11.13"]
[Round "?"]
[White "Hossa"]
[Black "APetelin"]
[Result "1-0"]
[WhiteElo "2420"]
[BlackElo "2144"]
[PlyCount "103"]
[EventDate "2000.??.??"]

1. e3 d5 2. c4 c6 3. Nf3 Nf6 4. Nc3 Bg4 5. cxd5 Bxf3 6. Qxf3 cxd5 7. Bb5+ Nc6
8. O-O e6 9. e4 dxe4 10. Nxe4 Nxe4 11. Qxe4 Rc8 12. d4 Be7 13. Bf4 O-O 14. Bd3
g6 15. Bh6 Re8 16. Be3 Bf6 17. Bb5 a6 18. Bxc6 Rxc6 19. Rfc1 Rd6 20. Qf4 Bxd4
21. Rab1 Bxe3 22. fxe3 Qd7 23. Rf1 Rc8 24. Qf6 Rc2 25. Qe5 Rdd2 26. Qb8+ Qc8
27. Qxc8+ Rxc8 28. Rf2 Rcc2 29. Rxd2 Rxd2 30. Kf1 f5 31. a4 Kf7 32. b4 Ke7 33.
b5 a5 34. b6 Ra2 35. Rc1 Rxa4 36. Rc7+ Kd6 37. Ke2 h5 38. Rxb7 Rb4 39. Ra7 Rxb6
40. Rxa5 g5 41. Ra2 Ke5 42. h4 gxh4 43. Rc2 Rb4 44. Kf3 Kf6 45. Rc1 Kg5 46. Rc6
e5 47. Rc2 e4+ 48. Kf2 Kg4 49. Rc8 Rb2+ 50. Kg1 h3 51. Rg8+ Kh4 52. g3# {
APetelin checkmated} 1-0

[Event "ICS rated bullet match"]
[Site "204.178.125.65"]
[Date "2000.11.13"]
[Round "?"]
[White "APetelin"]
[Black "Hossa"]
[Result "1-0"]
[WhiteElo "2139"]
[BlackElo "2425"]
[PlyCount "81"]
[EventDate "2000.??.??"]

1. e4 e6 2. Nf3 d5 3. exd5 exd5 4. d4 Nf6 5. Bd3 Bd6 6. O-O O-O 7. Bg5 Re8 8.
Nbd2 h6 9. Bh4 Bg4 10. c3 c6 11. Qc2 Nbd7 12. Rae1 Qc7 13. h3 Bxf3 14. Nxf3 g5
15. Nxg5 hxg5 16. Bxg5 Bh2+ 17. Kh1 Bf4 18. Bh4 Qd6 19. Bf5 Nb6 20. Qd3 Nc4 21.
b3 Nd2 22. Rg1 Nfe4 23. Re2 Bh6 24. g4 Qf4 25. Kg2 Bg5 26. Bxg5 Nxg5 27. Rxd2
Nf3 28. Qxf3 Qxd2 29. h4 Qxa2 30. g5 Qe2 31. Qf4 Rf8 32. Rh1 Qb2 33. h5 Qxb3
34. h6 Qxc3 35. Qe5 f6 36. Qe7 Rf7 37. h7+ Kh8 38. Qxf7 Qxd4 39. g6 Qe4+ 40.
Bxe4 dxe4 41. g7# {Hossa checkmated} 1-0

[Event "ICS rated bullet match"]
[Site "204.178.125.65"]
[Date "2000.11.13"]
[Round "?"]
[White "F22Storm"]
[Black "Hossa"]
[Result "0-1"]
[WhiteElo "2464"]
[BlackElo "2398"]
[PlyCount "140"]
[EventDate "2000.??.??"]

1. e4 c5 2. Nf3 e6 3. d4 cxd4 4. Nxd4 Nc6 5. Nc3 d6 6. Be3 a6 7. Be2 Nf6 8. O-O
Be7 9. f4 O-O 10. Qe1 Qb6 11. Na4 Qc7 12. Nxc6 bxc6 13. Nb6 Rb8 14. Nxc8 Qxc8
15. Bd4 c5 16. Bc3 Nxe4 17. Bxa6 Qxa6 18. Qxe4 d5 19. Qd3 Qb6 20. Qe2 d4 21.
Bd2 Qxb2 22. Qe4 Bf6 23. Rfb1 Qxb1+ 24. Rxb1 Rxb1+ 25. Kf2 g6 26. a3 Ra1 27.
Qc6 Rxa3 28. Qxc5 Rfa8 29. g4 Ra1 30. g5 Bh8 31. Kf3 R1a3+ 32. Ke4 h5 33. Qc6
Rf8 34. Qc4 Rh3 35. Qf1 Rxh2 36. Qd3 Rc8 37. Ba5 Rcxc2 38. Qf1 Rhf2 39. Qb1 Rb2
40. Qc1 Rbe2+ 41. Kd3 Kh7 42. Qd1 Ra2 43. Bb4 Rxf4 44. Bd6 Rff2 45. Bb4 f5 46.
gxf6 Bxf6 47. Qh1 Rg2 48. Qe1 e5 49. Bd6 Rge2 50. Qxe2 Rxe2 51. Kxe2 e4 52. Bf4
g5 53. Bd6 h4 54. Kf2 g4 55. Bc5 h3 56. Bd6 Bh4+ 57. Kf1 g3 58. Bc5 e3 59. Kg1
e2 60. Bb4 g2 61. Bd2 e1=Q+ 62. Bxe1 Bxe1 63. Kh2 d3 64. Kxh3 g1=R 65. Kh2 d2
66. Kxg1 d1=Q 67. Kg2 Qe2+ 68. Kh3 Qf2 69. Kg4 Kg6 70. Kh3 Qg3# {
F22Storm checkmated} 0-1

[Event "ICS rated blitz match"]
[Site "204.178.125.65"]
[Date "2000.11.13"]
[Round "?"]
[White "Hossa"]
[Black "Kob"]
[Result "1-0"]
[WhiteElo "2571"]
[BlackElo "2155"]
[PlyCount "45"]
[EventDate "2000.??.??"]

1. e4 c5 2. Nf3 d6 3. d4 cxd4 4. Nxd4 Nf6 5. Nc3 g6 6. Be3 Bg7 7. f3 O-O 8. Bc4
Nc6 9. Bb3 Bd7 10. h4 Rc8 11. g4 Ne5 12. Qe2 h5 13. g5 Nh7 14. O-O-O a6 15. Qf2
b5 16. Nde2 Re8 17. Bb6 Rxc3 18. Bxd8 Rxf3 19. Qb6 Nf8 20. Bc7 Ne6 21. Bxe6
Bxe6 22. Nd4 Rf2 23. Nxe6 {Kob resigns} 1-0

[Event "ICS rated blitz match"]
[Site "204.178.125.65"]
[Date "2000.11.13"]
[Round "?"]
[White "Metallica85"]
[Black "Hossa"]
[Result "0-1"]
[WhiteElo "2289"]
[BlackElo "2580"]
[PlyCount "100"]
[EventDate "2000.??.??"]

1. e4 c5 2. Nf3 e6 3. d4 cxd4 4. Nxd4 Nc6 5. c4 Nf6 6. Nc3 Bb4 7. Nxc6 bxc6 8.
Bd3 O-O 9. O-O d6 10. Bd2 Bc5 11. Kh1 e5 12. Bg5 Bd4 13. Qc2 Rb8 14. Rab1 Bg4
15. f3 Be6 16. Ne2 Bc5 17. Ng3 h6 18. Bd2 Qe7 19. b4 Bb6 20. a4 Rfd8 21. a5 Bd4
22. Ne2 c5 23. b5 Qc7 24. a6 Re8 25. Qa4 Nd7 26. Qc2 Rbd8 27. g4 Nb6 28. Kg2
Qe7 29. Ng3 Qh4 30. Be1 Qg5 31. Bd2 Qf6 32. Nh5 Qh4 33. Be1 Qe7 34. Ng3 g6 35.
Bd2 Qh4 36. Be1 Qg5 37. Bd2 Qf6 38. h3 Qh4 39. Be1 Qg5 40. Bd2 Qf6 41. Rh1 Qh4
42. Be1 Qg5 43. Bd2 Qe7 44. h4 Kg7 45. Rbf1 Rb8 46. Rh3 h5 47. Rfh1 hxg4 48.
fxg4 Bxg4 49. R3h2 Qf6 50. Be2 Qf2# {Metallica85 checkmated} 0-1

[Event "ICS rated blitz match"]
[Site "204.178.125.65"]
[Date "2000.11.13"]
[Round "?"]
[White "Hossa"]
[Black "Metallica85"]
[Result "1-0"]
[WhiteElo "2585"]
[BlackElo "2284"]
[PlyCount "23"]
[EventDate "2000.??.??"]

1. e3 g6 2. Nc3 Bg7 3. e4 d6 4. Nf3 Nf6 5. d4 O-O 6. Bd3 e5 7. dxe5 dxe5 8.
Nxe5 Nxe4 9. Nxe4 Bxe5 10. O-O Bg7 11. Bg5 f6 12. Bc4+ {Metallica85 resigns}
1-0

[Event "ICS rated blitz match"]
[Site "204.178.125.65"]
[Date "2000.11.13"]
[Round "?"]
[White "Metallica85"]
[Black "Hossa"]
[Result "1-0"]
[WhiteElo "2279"]
[BlackElo "2590"]
[PlyCount "83"]
[EventDate "2000.??.??"]

1. e4 c5 2. Nf3 e6 3. d4 cxd4 4. Nxd4 Nc6 5. c4 Nf6 6. Nc3 Bb4 7. Nxc6 bxc6 8.
Bd3 O-O 9. O-O d6 10. Bd2 Bc5 11. Kh1 e5 12. Bg5 Bd4 13. Qc2 Rb8 14. Rab1 Bg4
15. f3 Be6 16. Ne2 Bb6 17. b4 Qe7 18. Ng3 a5 19. a3 axb4 20. axb4 Ra8 21. Nh5
Bd4 22. Nxf6+ gxf6 23. Bh6 Rfb8 24. f4 Kh8 25. f5 Bd7 26. Qe2 Ra3 27. Rf3 Rg8
28. Rh3 Ra1 29. Rxa1 Bxa1 30. Qh5 Bxf5 31. exf5 Rg6 32. Bf8 Kg8 33. Bxe7 Rg7
34. Bxf6 Kf8 35. Bxg7+ Ke8 36. f6 Bb2 37. Bf5 d5 38. Qxh7 Kd8 39. Qg8+ Kc7 40.
Qc8+ Kb6 41. Qb8+ Ka6 42. Bc8# {Hossa checkmated} 1-0

[Event "ICS rated blitz match"]
[Site "204.178.125.65"]
[Date "2000.11.13"]
[Round "?"]
[White "Hossa"]
[Black "Metallica85"]
[Result "1-0"]
[WhiteElo "2563"]
[BlackElo "2304"]
[PlyCount "71"]
[EventDate "2000.??.??"]

1. e3 g6 2. Nc3 Bg7 3. e4 d6 4. Nf3 Nf6 5. d4 O-O 6. Bd3 Nc6 7. O-O e5 8. dxe5
Nxe5 9. Nxe5 dxe5 10. Bg5 c6 11. Qd2 Be6 12. Rfd1 Re8 13. Bh6 Bh8 14. a3 Qc7
15. Rac1 Rad8 16. b3 Rd7 17. Qg5 Qa5 18. Nb1 Qc5 19. b4 Qd6 20. Be2 Qe7 21.
Qxe5 Rxd1+ 22. Rxd1 Ng4 23. Qf4 Be5 24. Qd2 Qh4 25. Bd3 Qxh2+ 26. Kf1 Nxh6 27.
Qe1 Bg4 28. f3 Qh1+ 29. Kf2 Bd4+ 30. Kg3 Be5+ 31. Kf2 Qh2 32. Kf1 Bg3 33. Qe3
Qh1+ 34. Qg1 Qxg1+ 35. Kxg1 Be6 36. Nc3 {Metallica85 resigns} 1-0

[Event "ICS rated blitz match"]
[Site "204.178.125.65"]
[Date "2000.11.13"]
[Round "?"]
[White "Metallica85"]
[Black "Hossa"]
[Result "0-1"]
[WhiteElo "2298"]
[BlackElo "2569"]
[PlyCount "20"]
[EventDate "2000.??.??"]

1. e4 d5 2. e5 c5 3. c3 Nc6 4. d4 cxd4 5. cxd4 Bf5 6. Be3 Qb6 7. Qd2 e6 8. Nc3
Nh6 9. h3 Rc8 10. Nge2 Nb4 {Metallica85 resigns} 0-1

[Event "ICS Rated blitz match"]
[Site "204.178.125.65"]
[Date "2000.11.13"]
[Round "?"]
[White "Hossa"]
[Black "Zavros"]
[Result "1-0"]
[WhiteElo "2575"]
[BlackElo "2297"]
[PlyCount "60"]
[EventDate "2000.??.??"]

1. e3 e5 2. d4 exd4 3. exd4 d5 4. Nf3 Bd6 5. Bb5+ c6 6. Bd3 Nf6 7. O-O O-O 8.
Re1 h6 9. Nc3 Bg4 10. h3 Bh5 11. g4 Nxg4 12. hxg4 Bxg4 13. Be3 Nd7 14. Nb1 Nf6
15. c3 Ne4 16. Nbd2 f5 17. Nb3 Qe8 18. Be2 Qh5 19. Ne5 Bxe5 20. dxe5 Bxe2 21.
Qxe2 Qg6+ 22. Kh2 f4 23. Rg1 Qe6 24. Bd4 f3 25. Qf1 Rf5 26. Qh3 Qf7 27. e6 Qxe6
28. Rxg7+ Kf8 29. Rag1 Ng5 30. R1xg5 Rxg5 {Zavros resigns} 1-0

[Event "ICS rated blitz match"]
[Site "204.178.125.65"]
[Date "2000.11.13"]
[Round "?"]
[White "QueenMaxima"]
[Black "Hossa"]
[Result "0-1"]
[WhiteElo "2659"]
[BlackElo "2580"]
[PlyCount "172"]
[EventDate "2000.??.??"]

1. d4 d5 2. c4 Nc6 3. cxd5 Qxd5 4. Nf3 e5 5. Nc3 Bb4 6. Qd2 Bxc3 7. bxc3 exd4
8. Nxd4 Nge7 9. Nxc6 Qxc6 10. Ba3 Be6 11. Qb2 Rd8 12. e3 a6 13. c4 Nf5 14. Rb1
b6 15. Rc1 f6 16. h3 Nh4 17. f3 Nxf3+ 18. gxf3 Qxf3 19. Rg1 Qxe3+ 20. Qe2 Qxa3
21. Qxe6+ Kf8 22. Rc2 Re8 23. Qxe8+ Kxe8 24. Rxg7 f5 25. Kd1 Qf3+ 26. Ke1 Kd8
27. Rd2+ Kc8 28. Re7 Qg3+ 29. Kd1 Qa3 30. Re1 Qc3 31. Re7 Qa1+ 32. Ke2 Qc1 33.
Rdd7 Qxc4+ 34. Ke1 Qb4+ 35. Kf2 Qc5+ 36. Ke1 Qa5+ 37. Kf2 Qxa2+ 38. Kf3 Qb3+
39. Bd3 Kb8 40. h4 Qd1+ 41. Be2 Qh1+ 42. Kf4 Qxh4+ 43. Ke5 Qe4+ 44. Kf6 Qg2 45.
Bc4 Qg6+ 46. Ke5 Qg3+ 47. Ke6 Qe3+ 48. Kf7 Qg5 49. Re8+ Rxe8 50. Kxe8 Qg6+ 51.
Ke7 Qg7+ 52. Ke8 Qe5+ 53. Re7 Qd4 54. Be6 Qf6 55. Kd7 Qe5 56. Ke8 h5 57. Bc4
Qd4 58. Be6 f4 59. Rd7 Qe5 60. Kf7 f3 61. Rd8+ Kb7 62. Bd5+ c6 63. Rd7+ Kb8 64.
Be6 b5 65. Rd8+ Kb7 66. Rd7+ Kb6 67. Bh3 f2 68. Bf1 Qe1 69. Bd3 f1=Q+ 70. Bxf1
Qxf1+ 71. Ke8 Qe2+ 72. Kf8 Qf3+ 73. Kg8 Qg4+ 74. Rg7 a5 75. Kf8 Qxg7+ 76. Kxg7
h4 77. Kf7 h3 78. Ke6 a4 79. Kd6 a3 80. Ke5 h2 81. Kf6 a2 82. Ke6 h1=Q 83. Kf6
a1=Q+ 84. Kg6 Qe5 85. Kf7 Qh7+ 86. Kf8 Qeh8# {QueenMaxima checkmated} 0-1

[Event "ICS rated blitz match"]
[Site "204.178.125.65"]
[Date "2000.11.13"]
[Round "?"]
[White "Hossa"]
[Black "PostModernist"]
[Result "1/2-1/2"]
[WhiteElo "2600"]
[BlackElo "2623"]
[PlyCount "74"]
[EventDate "2000.??.??"]

1. e3 Nf6 2. a3 e5 3. d4 exd4 4. exd4 Bd6 5. Nc3 O-O 6. Nf3 b6 7. Be2 Bb7 8.
O-O Re8 9. Bc4 Be7 10. d5 a6 11. Re1 b5 12. Bb3 Bd6 13. Rxe8+ Qxe8 14. Bg5 Ng4
15. Qd4 Ne5 16. Nh4 f6 17. Bd2 Qh5 18. h3 Ng6 19. Nxg6 Qxg6 20. Bf4 Bxf4 21.
Qxf4 d6 22. Re1 Bc8 23. Re3 Nd7 24. Re7 Ne5 25. Qe3 Bd7 26. f4 Kf8 27. fxe5
Kxe7 28. exd6+ Kxd6 29. Qf4+ Ke7 30. Qxc7 Qg5 31. d6+ Ke8 32. Bd5 Qe3+ 33. Kh2
Qf4+ 34. Kh1 Qc1+ 35. Kh2 Qf4+ 36. Kh1 Qf1+ 37. Kh2 Qf4+ {
Game drawn by repetition} 1/2-1/2